| 000 | 00597nam a22001817a 4500 | ||
|---|---|---|---|
| 005 | 20240905122346.0 | ||
| 010 | _aENG-141654 | ||
| 020 |
_a9788178244976 _c595.00 |
||
| 035 | _aEN-125186 | ||
| 037 | _bDBAD | ||
| 082 | _a346.5 | ||
| 100 |
_aSharafi, Mitra _971126 |
||
| 245 |
_aLaw and Identity in Colonial South Asia: _bParsi Legal Culture,1772-1947/ _cBy Mitra Sharafi |
||
| 260 |
_aRanikhet _bPermanent Black _c2017 |
||
| 270 |
_a'Himalyana' , Mall Road, Ranikhet Cantt _bRanikhet _e263645 _mperblack@gmail.com |
||
| 300 |
_a343p. _c21cm.(pb) |
||
| 942 |
_2ddc _cEN _h346.5 _mSHA |
||
| 999 |
_c205582 _d205582 |
||